Mariposa entre los dientes

Spremljeno u:
Bibliografski detalji
Glavni autor: Avila, Diana
Format: Knjiga
Jezik:Undetermined
Izdano: San José, Costa Rica Universidad de Costa Rica 1991
Teme:
Oznake: Dodaj oznaku
Bez oznaka, Budi prvi tko označuje ovaj zapis!

MARC

LEADER 00000nam a2200000Ia 4500
008 170316s9999 xx 000 0 und d
040 |a cru BVZT 
090 |a 868 A-20m 
100 |a Avila, Diana 
245 |a Mariposa entre los dientes 
260 |a San José, Costa Rica 
260 |b Universidad de Costa Rica 
260 |c 1991 
300 |a 58 páginas 
650 |a LITERATURA COSTARRICENSE 
999 |c 10686  |d 10686 
942 |c 15 D  |h 868 A-20m  |2 z